Curious George : (Record no. 5864)
[ view plain ]
| 000 -LEADER | |
|---|---|
| fixed length control field | 01560cam a2200337 a 4500 |
| 001 - CONTROL NUMBER | |
| control field | 5864 |
| 003 - CONTROL NUMBER IDENTIFIER | |
| control field | FISKH |
| 005 - DATE AND TIME OF LATEST TRANSACTION | |
| control field | 20250127101250.0 |
| 008 - FIXED-LENGTH DATA ELEMENTS--GENERAL INFORMATION | |
| fixed length control field | 060103s2006 maua j 000 1 eng |
| 010 ## - LIBRARY OF CONGRESS CONTROL NUMBER | |
| LC control number | 2005038070 |
| 020 ## - INTERNATIONAL STANDARD BOOK NUMBER | |
| International Standard Book Number | 9780618737574 (pbk. : alk. paper) |
| 020 ## - INTERNATIONAL STANDARD BOOK NUMBER | |
| International Standard Book Number | 061873757X (pbk. : alk. paper) |
| 040 ## - CATALOGING SOURCE | |
| Original cataloging agency | DLC |
| Transcribing agency | DLC |
| Modifying agency | DLC |
| Language of cataloging | eng |
| 050 ## - LIBRARY OF CONGRESS CALL NUMBER | |
| Classification number | PZ7.P42583 |
| 082 ## - DEWEY DECIMAL CLASSIFICATION NUMBER | |
| Classification number | 277 |
| 100 1# - MAIN ENTRY--PERSONAL NAME | |
| Personal name | Perez, Monica. |
| 245 10 - TITLE STATEMENT | |
| Title | Curious George : |
| Remainder of title | the donut delivery / |
| Statement of responsibility, etc. | adaptation by Monica Perez ; based on the tv series teleplay written by Joe Fallon. |
| 260 ## - PUBLICATION, DISTRIBUTION, ETC. | |
| Place of publication, distribution, etc. | Boston : |
| Name of publisher, distributor, etc. | Houghton Mifflin, |
| Date of publication, distribution, etc. | 2006. |
| 300 ## - PHYSICAL DESCRIPTION | |
| Extent | 20 unnumbered pages : |
| Other physical details | color illustrations ; |
| Dimensions | 21 cm |
| 500 ## - GENERAL NOTE | |
| General note | "Curious about zero"--Cover. |
| 500 ## - GENERAL NOTE | |
| General note | "PBS Kids"--Cover. |
| 505 ## - FORMATTED CONTENTS NOTE | |
| Formatted contents note | E<br/> |
| 520 ## - SUMMARY, ETC. | |
| Summary, etc. | Members Reviews Popularity Average rating Conversations<br/>257 None 111,124 (3.67) None<br/>How many donuts can one monkey eat? George does the math in this humorous tale! Curious George is ordering donuts but he adds a few extra zeroes. Now he's about to discover just how big his delivery problem is going to become! This picture book based on the Emmy-winning PBS animated series, now streaming on Peacock, not only entertains young readers but also explores the concepts of zero and counting by tens. |
| 521 8# - TARGET AUDIENCE NOTE | |
| Target audience note | 270<br/> |
| Source | Lexile<br/> |
| 521 8# - TARGET AUDIENCE NOTE | |
| Target audience note | E<br/> |
| Source | Raz-Plus<br/> |
| 650 ## - SUBJECT ADDED ENTRY--TOPICAL TERM | |
| Topical term or geographic name entry element | Curious George |
| Form subdivision | Monkeys |
| General subdivision | Donuts |
| 730 0# - ADDED ENTRY--UNIFORM TITLE | |
| Uniform title | Curious George (Television program) |
| 906 ## - LOCAL DATA ELEMENT F, LDF (RLIN) | |
| a | 7 |
| b | cbc |
| c | orignew |
| d | 1 |
| e | ecip |
| f | 20 |
| g | y-gencatlg |
| 942 ## - ADDED ENTRY ELEMENTS (KOHA) | |
| Source of classification or shelving scheme | Dewey Decimal Classification |
| Koha item type | Books |
| Suppress in OPAC | No |
| Withdrawn status | Lost status | Source of classification or shelving scheme | Damaged status | Not for loan | Collection | Home library | Current library | Shelving location | Date acquired | Total Checkouts | Full call number | Barcode | Date last seen | Price effective from | Koha item type |
|---|---|---|---|---|---|---|---|---|---|---|---|---|---|---|---|
| Dewey Decimal Classification | Juvenile Fiction | Footprints International School Library Network Toul Kork Campus | Footprints International School Library Network Toul Kork Campus | TK Primary Library Room(4th Floor), Bookcase 7, Shelves 57-60, Dark Green Books | 01/27/2025 | PER 277 PZ7.P42583 | FISTK03834 | 01/27/2025 | 01/27/2025 | Books |
